| 000 | 01656cam a22002054a 4500 | ||
|---|---|---|---|
| 005 | 20250605164406.0 | ||
| 008 | 250528s ||||||||||||||||||||||||d | ||
| 035 | _a24825 | ||
| 040 |
_aGR-AtMCL _bgre _dGR-AtMCL _eAACR2 |
||
| 245 | 1 | _aΜικροοικονομική Θεωρία / 13η Έκδοση | |
| 250 | _a13η | ||
| 300 | _a534 | ||
| 520 | _aΑγορές και Καταναλωτές, Οικονομικά Ζητήματα και Έννοιες, Ζήτηση και Προσφορά, Ελαστικότητα Ζήτησης και Ελαστικότητα Προσφοράς, Η Επιλογή του Καταναλωτή: Η Θεωρία της Αδιάφορίας, Αγορές και Επιχειρήσεις, Η Διάρθρψση του Κόστους των Επιχειρήσεων, Τέλειος Ανταγωνισμός, Μονοπώλιο, Ατελής Ανταγωνισμός, Οι Αγορές για Παραγωγικούς Συντελεστές, Ζήτηση και Προσφορά Παραγωγικών Συντελεστών, Η Αγορά Εργασίας, Κεφάλαιο και Επένδυση και Νέες Τεχνολογ΄ίες, Οικονομική του Κινδύνου και Χρηματοπιστωτικές Κρίσεις, Η Κυβέρνηση και η Αγορά, Επιτυχίες και Αποτυχίες της Αγοράς, Ο Ρόλος της Κυβέρνησης, Γλωσσάρι, Ευρετήριο. | ||
| 700 | 1 |
_aΚουτσιάρας Νίκος _99556 |
|
| 700 | 1 |
_aΜανούζας Ζήσης _99557 |
|
| 942 | _cBK | ||
| 260 | _bΤζιόλα | ||
| 999 |
_c9667 _d9667 |
||